| 000 | 00665nam a2200241Ia 4500 | ||
|---|---|---|---|
| 005 | 20260429112031.0 | ||
| 008 | 260429s9999||||xx |||||||||||||| ||und|| | ||
| 020 | _a9781032231808 | ||
| 041 | _aEnglish | ||
| 082 |
_a621.362 _bPU |
||
| 100 | _aPu, Ruiliang | ||
| 245 | 0 |
_aThermal infrared remote sensing : _bprinciples and applications / _cRuiliang Pu |
|
| 250 | _a1st ed. | ||
| 260 |
_aBoca Raton : _bCRC Press, _c2026. |
||
| 300 | _axiii, 304 p.; hb | ||
| 650 | _a Infrared technology | ||
| 650 | _a Optical engineering | ||
| 650 | _a Remote sensing | ||
| 650 | _a Thermal infrared | ||
| 650 | _aEngineering | ||
| 700 | _a Yu, Qiuyan | ||
| 942 | _cTB | ||
| 999 |
_c52004 _d52004 |
||